000 01014nam a22001937a 4500
003 JO-AjAnu
005 20240605113732.0
008 240323b jo ||||| |||| 00| 0 ara d
040 _aJO-AjAnu
_bARA
_cJO-AjAnu
041 _aARA
100 _aالصمادي، محمود جميل فلاح
_965066
_eمعد
245 2 _aالمعالجة القانونية والقضائية لجرائم المخدرات في التشريع الجزائي الاردني = Legal and judicial Treatment of Drug Crimes in Jordanian Penal Legislation /
_cاعداد محمود جميل فلاح الصمادي ؛ إشراف زياد الوحشات
260 _c2024
300 _a90ورقة
500 _aسالة جامعية (رسالة ماجستير)- جامعة عجلون الوطنية (عجلون، الاردن) كلية الحقوق ، تخصص القانون، 2024
650 7 0 _aالمخدرات - قوانين وتشريعات
_965067
700 1 _aالوحشات، زياد
_965068
_eمشرف
942 _2lcc
_cTHS
_n0
999 _c33316
_d33316